Das Arbeiten mit Filmen Band G. (Record no. 5464)

MARC details
000 -CABECERA
campo de control de longitud fija 00578nam a2200217 a 4500
001 - NÚMERO DE CONTROL
campo de control BRCA_5775
005 - FECHA Y HORA DE LA ÚLTIMA TRANSACCIÓN
campo de control 20190320205218.0
008 - DATOS DE LONGITUD FIJA--INFORMACIÓN GENERAL
campo de control de longitud fija 090311t1926----gw-a######---#000-0#ger-#
041 ## - CÓDIGO DE LENGUA
Código de lengua del texto/banda sonora o título independiente ger
044 ## - CÓDIGO DEL PAÍS DE LA ENTIDAD EDITORA/PRODUCTORA
Código MARC del país gw
050 #4 - SIGNATURA TOPOGRÁFICA DE LA BIBLIOTECA DEL CONGRESO
Número de clasificación ZA546
Número de documento/Ítem .S36
-- 1926
100 1# - ENTRADA PRINCIPAL--NOMBRE DE PERSONA
Nombre de persona Schmidit, Hans
9 (RLIN) 14651
245 10 - MENCIÓN DE TÍTULO
Título Das Arbeiten mit Filmen Band G.
260 ## - PUBLICACIÓN, DISTRIBUCIÓN, ETC.
Lugar de publicación, distribución, etc. Berlin
Nombre del editor, distribuidor, etc. Guido Hackebeil.
Fecha de publicación, distribución, etc. 1926
300 ## - DESCRIPCIÓN FÍSICA
Extensión 133 p.
Otras características físicas ils.
Dimensiones 17 cm.
500 ## - NOTA GENERAL
Nota general Edición con puntas doradas en las pastas.
500 ## - NOTA GENERAL
Nota general H77
650 14 - PUNTO DE ACCESO ADICIONAL DE MATERIA--TÉRMINO DE MATERIA
Término de materia o nombre geográfico como elemento de entrada Recursos de Información
Subdivisión geográfica Berlin
9 (RLIN) 14652
902 ## - CATALOGADOR
Iniciales GFM
942 ## - ELEMENTOS DE PUNTO DE ACCESO ADICIONAL (KOHA)
Fuente del sistema de clasificación o colocación Library of Congress Classification
Tipo de ítem Koha Libros
Holdings
Estado de retiro Estado de pérdida Estado dañado No para préstamo Localización permanente Ubicación/localización actual Fecha de adquisición Número de inventario Total de préstamos Signatura topográfica completa Código de barras Fecha visto por última vez Precio válido a partir de Tipo de ítem Koha
El ejemplar forma parte de la colección y puede ser consultado según las políticas vigentes.       Biblioteca del Museo Franz Mayer (Rogerio Casas-Alatriste) Biblioteca del Museo Franz Mayer (Rogerio Casas-Alatriste) 09/03/2011 H77   ZA546 .S36 1926 (H77) 6214 22/03/2019 22/03/2019 Libros